000
00219 a2200097 4500
001
18094
100
_a
Chironis, N P
245
_a
Machine devices & instrumentation
260
_a
_b
McGraw-Hill
_c
090
_c
13388
_d
13388
942
_a
NUST-CAE
_c
M
_c
3767
999
_c
253167
_d
253167